All Pokémon with Trace - Statistics

General Stats
  • This quiz has been taken 4 times
  • The average score is 5 of 6
Answer Stats
(Avail)ability Pokémon % Correct
Second Ability Gardevoir
100%
Second Ability Ralts
100%
Second Ability Kirlia
75%
First Ability Porygon
75%
First Ability Porygon2
75%
Only Ability Mega Alakazam
50%
No matching quizzes found
Score Distribution
Percent of People with Each Score
Percentile by Number Answered
Your Score History
You have not taken this quiz